书目信息 |
| 题名: |
现代仪器分析
|
|
| 作者: | 鲁宾逊 著 | |
| 分册: | ||
| 出版信息: | 北京 科学出版社 2003.01 |
|
| 页数: | 840页 | |
| 开本: | 25cm | |
| 丛书名: | ||
| 单 册: | ||
| 中图分类: | O657 | |
| 科图分类: | ||
| 主题词: | 分析化学 , 分析(化学) | |
| 电子资源: | ||
| ISBN: | 7-03-010883-3 | |
| 000 | 00568nam0 2200205 45 | |
| 001 | 0335858745 | |
| 005 | 2003040109573874 | |
| 010 | @a7-03-010883-3@dRMB 69.00 | |
| 100 | @a20030401d2003 km y0chiy0120 ea | |
| 101 | 0 | @achi |
| 102 | @aCN@b110000 | |
| 200 | 1 | @a现代仪器分析@Axian dai yi qi fen xi@f(美)鲁宾逊等著@F(mei)lu bin xun deng zhu |
| 210 | @a北京@c科学出版社@d2003.01 | |
| 215 | @a840页@d25cm | |
| 606 | 0 | @a分析化学 |
| 606 | 0 | @a分析(化学) |
| 690 | @aO657@v3 | |
| 701 | 0 | @a鲁宾逊@Alu bin xun@4著 |
| 801 | 0 | @aCN@bPFT@c20030401 |
| 905 | @a10447@dO657@eL810 | |
| 现代仪器分析/(美)鲁宾逊等著.-北京:科学出版社,2003.01 |
| 840页;25cm |
| ISBN 7-03-010883-3:RMB 69.00 |
| ● |
| 相关链接 |
|
|
|
正题名:现代仪器分析
索取号:O657/L810
 
预约/预借
| 序号 | 登录号 | 条形码 | 馆藏地/架位号 | 状态 | 备注 |
| 1 | 369247 | 203692478 | 社科二线400B/400B社科库 3排1列1层/ [索取号:O657/L810] | 在馆 | |
| 2 | 369248 | 203692487 | 自科库401/401自科库 95排1列5层/ [索取号:O657/L810] | 在馆 |